[Event "BLR-chB (Women)"]
[Site "Minsk"]
[Date "2020.01.26"]
[Round "1"]
[White "Beinenson, Katsiaryna"]
[Black "Aleshko, Margarita"]
[Result "1-0"]
[WhiteElo "1985"]
[BlackElo "1405"]
[PlyCount "69"]
[EventDate "2020.01.26"]
[EventType "swiss"]
[EventRounds "9"]
[EventCountry "BLR"]
[SourceTitle "CBM 194 Extra"]
[Source "ChessBase"]
[SourceDate "2020.03.31"]
[SourceVersion "1"]
[SourceVersionDate "2020.03.31"]
[SourceQuality "1"]

1. e4 e6 2. d4 d5 3. Nc3 Bb4 4. e5 Ne7 5. Qg4 c5 6. Bd2 cxd4 7. Qxd4 Nbc6 8. Bb5 Bd7 9. Bxc6 Nxc6 10. Qg4 Qc7 11. Nf3 Bxc3 12. Bxc3 0-0 13. 0-0 Ne7 14. Rad1 Ng6 15. Rfe1 a5 16. Re3 Ra6 17. Ng5 h6 18. Nxf7 Rxf7 19. Qxg6 Be8 20. Rg3 Kh8 21. Bd4 b5 22. c3 b4 23. Rdd3 Qe7 24. Rh3 Rf5 25. Qg4 bxc3 26. Bxc3 a4 27. Rdg3 Qf7 28. Qe2 Rc6 29. Bd2 Qf8 30. Be3 Rc4 31. Qd2 Rf7 32. Bxh6 gxh6 33. Rxh6+ Rh7 34. Rxh7+ Kxh7 35. Qg5 1-0

[Event "Jastrzebie Zdroj op"]
[Site "Jastrzebie Zdroj"]
[Date "2019.08.15"]
[Round "5"]
[White "Kovalenko, Yuriy"]
[Black "Aleshko, Margarita"]
[Result "1-0"]
[WhiteElo "1658"]
[BlackElo "1319"]
[PlyCount "35"]
[EventDate "2019.08.12"]
[EventType "swiss"]
[EventRounds "9"]
[EventCountry "POL"]
[SourceTitle "CBM 191 Extra"]
[Source "ChessBase"]
[SourceDate "2019.09.30"]
[SourceVersion "1"]
[SourceVersionDate "2019.09.30"]
[SourceQuality "1"]

1. c4 c5 2. Nc3 Nf6 3. g3 d5 4. cxd5 Nxd5 5. Bg2 Nc7 6. d3 Nc6 7. Bxc6+ bxc6 8. Be3 e6 9. Qa4 Bb7 10. Ne4 Qd5 11. Nf3 f5 12. Nc3 Qd7 13. Ne5 Qd6 14. Bf4 Qd4 15. Qa5 Bd6 16. Nf3 Qb4 17. Qxb4 cxb4 18. Bxd6 1-0

[Event "Poznan op 26th"]
[Site "Poznan"]
[Date "2018.08.25"]
[Round "8"]
[White "Szczepaniak, Artur"]
[Black "Aleshko, Margarita"]
[Result "1/2-1/2"]
[WhiteElo "1677"]
[BlackElo "1219"]
[PlyCount "73"]
[EventDate "2018.08.19"]
[EventType "swiss"]
[EventRounds "9"]
[EventCountry "POR"]
[SourceTitle "CBM 186 Extra"]
[Source "ChessBase"]
[SourceDate "2018.08.24"]
[SourceVersion "1"]
[SourceVersionDate "2018.08.24"]
[SourceQuality "1"]

1. e4 e6 2. d4 d5 3. Nc3 Bb4 4. e5 c5 5. a3 Bxc3+ 6. bxc3 Ne7 7. f4 Qc7 8. Nf3 b6 9. Bd2 Ba6 10. Bxa6 Nxa6 11. Qe2 Nb8 12. 0-0 Nbc6 13. Be3 cxd4 14. Bxd4 Rc8 15. Rfc1 Nf5 16. g4 Nfxd4 17. Nxd4 Nxd4 18. cxd4 Qc4 19. Qf2 Qc3 20. Kg2 Rc4 21. Rd1 Qxc2 22. Rdc1 Qxf2+ 23. Kxf2 0-0 24. Rxc4 dxc4 25. Rc1 b5 26. Ke3 f6 27. Ke4 Kf7 28. f5 exf5+ 29. gxf5 fxe5 30. dxe5 Rd8 31. a4 a6 32. axb5 axb5 33. Ra1 Ke7 34. Rg1 Kf7 35. Ra1 Ke7 36. Rg1 Kf7 37. Ra1 1/2-1/2

[Event "Poznan op 26th"]
[Site "Poznan"]
[Date "2018.08.22"]
[Round "5"]
[White "Aleshko, Margarita"]
[Black "Grochowski, Michal"]
[Result "0-1"]
[WhiteElo "1219"]
[BlackElo "1781"]
[PlyCount "90"]
[EventDate "2018.08.19"]
[EventType "swiss"]
[EventRounds "9"]
[EventCountry "POR"]
[SourceTitle "CBM 186 Extra"]
[Source "ChessBase"]
[SourceDate "2018.08.24"]
[SourceVersion "1"]
[SourceVersionDate "2018.08.24"]
[SourceQuality "1"]

1. e4 c5 2. Nf3 d6 3. c3 Nf6 4. h3 Nc6 5. Bd3 g6 6. Bc2 Bg7 7. a3 0-0 8. d4 cxd4 9. cxd4 Bd7 10. 0-0 Rc8 11. Nc3 a6 12. Be3 b5 13. Qd2 Qc7 14. Bh6 Na5 15. Bxg7 Kxg7 16. e5 Ne8 17. Nd5 Qd8 18. Rab1 Nc4 19. Qe2 Bc6 20. Ne3 Bxf3 21. gxf3 Qd7 22. Nxc4 Rxc4 23. exd6 Qxd6 24. Rfd1 Nf6 25. Bb3 Rc7 26. Qe5 Qd7 27. Kh2 Rfc8 28. Re1 Kg8 29. Re3 Ne8 30. Qf4 Nd6 31. Rbe1 Qf5 32. Qg3 Qf6 33. Re5 Kg7 34. Qg4 Rd8 35. d5 Rdd7 36. R1e2 Rd8 37. Re1 a5 38. a4 Rb8 39. R1e3 Rcb7 40. Kg2 bxa4 41. Qxa4 Rxb3 42. Rxb3 Rxb3 43. Qxb3 Qxe5 44. Qa2 Qg5+ 45. Kh2 Qf4+ 0-1

[Event "Poznan op 26th"]
[Site "Poznan"]
[Date "2018.08.21"]
[Round "4"]
[White "Golek, Jagoda"]
[Black "Aleshko, Margarita"]
[Result "1-0"]
[WhiteElo "2033"]
[BlackElo "1219"]
[PlyCount "45"]
[EventDate "2018.08.19"]
[EventType "swiss"]
[EventRounds "9"]
[EventCountry "POR"]
[SourceTitle "CBM 186 Extra"]
[Source "ChessBase"]
[SourceDate "2018.08.24"]
[SourceVersion "1"]
[SourceVersionDate "2018.08.24"]
[SourceQuality "1"]

1. e4 e6 2. d4 d5 3. Nd2 Nf6 4. e5 Nfd7 5. Bd3 c5 6. c3 Qb6 7. Ne2 Nc6 8. Nf3 cxd4 9. cxd4 Be7 10. 0-0 a5 11. Bc2 Nb4 12. Bb1 Qc7 13. Bg5 f6 14. exf6 gxf6 15. Bf4 Bd6 16. Bg3 b6 17. Nc3 Ba6 18. Re1 Kf7 19. a3 Nc6 20. Nh4 Rae8 21. Qh5+ Kg7 22. Nxd5 exd5 23. Nf5+ 1-0